| 000 | 00447nam a2200181Ia 4500 | ||
|---|---|---|---|
| 001 | 20958 | ||
| 005 | 20260306172844.0 | ||
| 008 | 260306t2010||||xx |||||||||||||| ||spa|| | ||
| 041 | _aESP | ||
| 082 |
_a343.81 _bY13 |
||
| 100 |
_aEscribano, Francisco _eAUT |
||
| 245 | 0 | _aIntroducción al derecho financiero y tributario | |
| 260 | _c2010 | ||
| 300 |
_a345 páginas : _c24 cm. |
||
| 650 | _aGEN | ||
| 654 | _aCCO | ||
| 942 |
_cLIB _dJUS _fJUS _2ddc _n |
||
| 999 |
_c20958 _d20958 |
||